<?xml version="1.0" encoding="UTF-8"?>
<collection xmlns="http://www.loc.gov/MARC21/slim">
 <record>
  <leader>01467nam a22002177a 4500</leader>
  <controlfield tag="001">NCT_4_002906</controlfield>
  <controlfield tag="008">240115b        xxu||||| |||| 00| 0 vie d</controlfield>
  <datafield tag="999" ind1=" " ind2=" ">
   <subfield code="c">8013</subfield>
   <subfield code="d">8013</subfield>
  </datafield>
  <datafield tag="020" ind1=" " ind2=" ">
   <subfield code="c">45000</subfield>
  </datafield>
  <datafield tag="082" ind1="0" ind2="4">
   <subfield code="2">23rd ed.</subfield>
   <subfield code="a">895.73</subfield>
   <subfield code="b">J43/T.16</subfield>
  </datafield>
  <datafield tag="100" ind1="1" ind2=" ">
   <subfield code="a">Son, Je-ho</subfield>
  </datafield>
  <datafield tag="245" ind1="1" ind2="0">
   <subfield code="a">Noblesse :</subfield>
   <subfield code="b">Truyện tranh </subfield>
   <subfield code="n">Tập 16</subfield>
   <subfield code="p">Hiệp lực</subfield>
   <subfield code="c">Son Je Ho; Lee Kwang Su (Minh họa); Thu Thủy (Dịch)</subfield>
  </datafield>
  <datafield tag="260" ind1=" " ind2=" ">
   <subfield code="a">H.</subfield>
   <subfield code="b">Kim Đồng</subfield>
   <subfield code="c">2014</subfield>
  </datafield>
  <datafield tag="300" ind1=" " ind2=" ">
   <subfield code="a">222 tr.</subfield>
   <subfield code="b">Tranh vẽ</subfield>
   <subfield code="c">18cm</subfield>
  </datafield>
  <datafield tag="520" ind1="3" ind2=" ">
   <subfield code="a">Thức tỉnh sau 820 năm chìm trong giấc ngủ, ma cà rồng Cadis Etrama Di Raizel (hay Rai) chẳng biết gì về thế giới bên ngoài. Do đó, anh ta đã hòa mình vào cùng những học sinh khác và có cho mình những người bạn. Tuy nhiên, một tổ chức chuyên nghiên cứu và thí nghiệm trên cơ thể người luôn mong muốn có Rai làm mẫu vật. Vì vậy mà Rai và các bạn đều bị đặt trong những tình huống vô cùng nguy hiểm...</subfield>
  </datafield>
  <datafield tag="653" ind1=" " ind2=" ">
   <subfield code="a">Tham khảo</subfield>
  </datafield>
  <datafield tag="700" ind1="1" ind2=" ">
   <subfield code="a">Lee, Kwang Su</subfield>
   <subfield code="e">Minh họa</subfield>
  </datafield>
  <datafield tag="700" ind1="0" ind2=" ">
   <subfield code="a">Thu Thủy</subfield>
   <subfield code="e">Dịch</subfield>
  </datafield>
  <datafield tag="942" ind1=" " ind2=" ">
   <subfield code="2">ddc</subfield>
   <subfield code="c">BK</subfield>
  </datafield>
  <datafield tag="952" ind1=" " ind2=" ">
   <subfield code="0">0</subfield>
   <subfield code="1">0</subfield>
   <subfield code="2">ddc</subfield>
   <subfield code="4">0</subfield>
   <subfield code="6">895_730000000000000_J43_T_16</subfield>
   <subfield code="7">0</subfield>
   <subfield code="9">28395</subfield>
   <subfield code="a">000001</subfield>
   <subfield code="b">000001</subfield>
   <subfield code="d">2024-01-18</subfield>
   <subfield code="o">895.73 J43/T.16</subfield>
   <subfield code="p">TK.03846</subfield>
   <subfield code="r">2024-01-18</subfield>
   <subfield code="v">45000.00</subfield>
   <subfield code="w">2024-01-18</subfield>
   <subfield code="y">BK</subfield>
   <subfield code="z">Đã quyên tặng tủ sách Lâm Đồng</subfield>
  </datafield>
  <datafield tag="980" ind1=" " ind2=" ">
   <subfield code="a">Thư viện Trường Đại học Nam Cần Thơ</subfield>
  </datafield>
 </record>
</collection>
